| 000 | 00753nam a2200241 a 4500 | ||
|---|---|---|---|
| 001 | BRL_395 | ||
| 005 | 20190320210724.0 | ||
| 008 | 060813s1977----mx-#######---#000-0#spa-# | ||
| 041 | _aspa | ||
| 044 | _amx | ||
| 050 | 4 |
_aF1219 _b.G66 1977 |
|
| 100 | 1 |
_aGonzález Navarro, Moises _923772 |
|
| 245 | 1 | 0 |
_aRepartimientos de indios en Nueva Galicia _cMoises González Navarro. |
| 260 |
_aMéxico _bINAH _c1977 |
||
| 300 |
_a237 p. _c22 cm. |
||
| 440 | 0 |
_aSerie Científica _v1 _923773 |
|
| 500 | _aIncluye índice de documentos, índice general y fe de erratas | ||
| 500 | _aAu403 | ||
| 650 | 1 | 4 |
_aIndígenas de México _zNueva Galicia _923774 |
| 651 | 4 |
_aMéxico _xHistoria _ySiglo XVII-XVIII _zJalisco (Estado) _923775 |
|
| 902 | _aGRL | ||
| 942 |
_2lcc _cB |
||
| 999 |
_c9208 _d9208 |
||